Economic sophisms

সংরক্ষণ করুন:
গ্রন্থ-পঞ্জীর বিবরন
প্রধান লেখক: Bastiat, Frederic
বিন্যাস: গ্রন্থ
ভাষা:Undetermined
প্রকাশিত: New York The foundation for Economic Education, Inc. 1964
বিষয়গুলি:
ট্যাগগুলো: ট্যাগ যুক্ত করুন
কোনো ট্যাগ নেই, প্রথমজন হিসাবে ট্যাগ করুন!
Thư viện lưu trữ: Trung tâm Học liệu Trường Đại học Cần Thơ
LEADER 00523nam a2200181Ia 4500
001 CTU_80429
008 210402s9999 xx 000 0 und d
082 |a 330.122 
082 |b B326 
100 |a Bastiat, Frederic 
245 0 |a Economic sophisms 
245 0 |c Frederic Bastiat 
260 |a New York 
260 |b The foundation for Economic Education, Inc. 
260 |c 1964 
650 |a Free enterprise,Free trade,Protectionism 
904 |i Trọng Hải 
980 |a Trung tâm Học liệu Trường Đại học Cần Thơ